| 000 | 00394nam a22001577a 4500 | ||
|---|---|---|---|
| 020 | _a9788184779233 | ||
| 082 |
_a030 _bSCH/A |
||
| 100 | _aSCHOLASTIC | ||
| 245 | _aACTIVE LEARNING DICTIONARY | ||
| 250 | _aFIRST EDITION | ||
| 260 |
_aDELHI _bSCHOLASTIC INDIA _c2020 |
||
| 300 | _a559 | ||
| 520 | _aFOCUS ON LANGUAGE USE AND VOCABULARY DEVELOPMENT | ||
| 650 |
_aDICTIONARY _zINDIA |
||
| 942 | _cBK | ||
| 999 |
_c2112 _d2112 |
||